000
00314 a2200109 4500
001
ART_11215
005
20260410161855.0
008
260409a
245
1
0
_a
Los problemas de la inflación
100
1
_a
Machlup, Fritz
773
0
_t
Revista de Economía
_g
- Nº 38/39 (sep./dic. 1983)
_w
REV11077
999
_c
25387
_d
25387